Android App inventor for the absolute beginner
Lets you create apps that can run on the Android platform. This title includes advanced topics such as sensors, robotics, and TinyWebDB.
Αποθηκεύτηκε σε:
| Κύριος συγγραφέας: | |
|---|---|
| Μορφή: | Βιβλίο |
| Γλώσσα: | Undetermined |
| Έκδοση: |
Boston, MA
Cengage Learning
2014
|
| Θέματα: | |
| Ετικέτες: |
Προσθήκη ετικέτας
Δεν υπάρχουν, Καταχωρήστε ετικέτα πρώτοι!
|
| Thư viện lưu trữ: | Trung tâm Học liệu Trường Đại học Cần Thơ |
|---|
| LEADER | 00784nam a2200205Ia 4500 | ||
|---|---|---|---|
| 001 | CTU_187905 | ||
| 008 | 210402s9999 xx 000 0 und d | ||
| 020 | |c 600000 | ||
| 082 | |a 005.25 | ||
| 082 | |b P921 | ||
| 100 | |a Prayaga, Lakshmi | ||
| 245 | 0 | |a Android App inventor for the absolute beginner | |
| 245 | 0 | |c Lakshmi Prayaga, Jeffrey Hawthorne, and Alex Whiteside | |
| 260 | |a Boston, MA | ||
| 260 | |b Cengage Learning | ||
| 260 | |c 2014 | ||
| 520 | |a Lets you create apps that can run on the Android platform. This title includes advanced topics such as sensors, robotics, and TinyWebDB. | ||
| 650 | |a Android (Electronic resource),Android (Nguồn tài nguyên điện tử) | ||
| 910 | |a le cam van,Hải | ||
| 980 | |a Trung tâm Học liệu Trường Đại học Cần Thơ | ||